ბათუმის შოთა რუსთაველის სახელმწიფო უნივერსიტეტის ბიბლიოთეკა

აღორძინებული ქობულეთი : (ბიბ.ჩანაწერი № 37777)

000 -ლიდერი
ფიქსირებული სიგრძის საკონტროლო ველი 01302nam a2200241Ia 4500
001 - საკონტროლო ნომერი
საკონტროლო ველი 3754
003 - საკონტროლო ნომრის იდენტიფიკატორი
საკონტროლო ველი GE_BSU
005 - ბოლო ოპერაციის თარიღი და დრო
საკონტროლო ველი 20230628121354.0
008 - ფიქსირებული სიგრძის მონაცემთა ელემენტები - ზოგადი ინფორმაცია
ფიქსირებული სიგრძის საკონტროლო ველი 181216s1998||||ge |||||||||||||| ||geo||
040 ## - კატალოგიზაციის წყარო
Transcribing agency GE_BSU
041 ## - ენის კოდი
Language code of text/sound track or separate title geo
080 ## - უნივერსალური ათობითი კლასიფიკაციის ინდექსი
Universal Decimal Classification number 008(479.223) კ–71
100 ## - მთავარი ჩანაწერი - პიროვნების სახელი
Personal name კომახიძე, თეიმურაზ
9 (RLIN) 3432
245 ## - ცნობა სათაურის შესახებ
Title აღორძინებული ქობულეთი :
Remainder of title წ. 2. /
Statement of responsibility, etc თეიმურაზ კომახიძე; რედ.: დავით ხახუტაიშვილი.
264 ## - წარმოების, გამოცემის, დისტრიბუციის და სხვა ცნობები
გამოცემის, წარმოების, დისტრიბუციის... ადგილი ბათუმი :
გამოცემის, წარმოების, დისტრიბუციის... სახელწოდება აჭარა,
გამოცემის, წარმოების, დისტრიბუციის... თარიღი 1998.
300 ## - ფიზიკური აღწერა
Extent 379 გვ. ;
Other physical details 21 სმ.
500 ## - ზოგადი შენიშვნა
General note ნაშრომი ეძღვნება აჭარის სახელგანთქმულ კუთხეს - ქობულეთსა და ქობულეთელებს
520 ## - SUMMARY, ETC.
Summary, etc ნაშრომი ეძღვნება აჭარის სახელგანთქმულ კუთხეს - ქობულეთსა და ქობულეთელებს
653 ## - INDEX TERM--UNCONTROLLED
Uncontrolled term აჭარის ქალაქები
653 ## - INDEX TERM--UNCONTROLLED
Uncontrolled term ქობულეთი
700 ## - ADDED ENTRY--PERSONAL NAME
Personal name ხახუტაიშვილი, დავით
Relator term რედაქტორი
9 (RLIN) 1441
942 ## - ADDED ENTRY ELEMENTS (KOHA)
Koha item type წიგნი
Source of classification or shelving scheme
ეგზემპლარები
ჩამოწერის სტატუსი დაკარგული ეგზემპლარის სტატუსი კლასიფიკაციის წყარო ან თაროზე გაწყობის სქემა დაზიანების სტატუსი არ გაიცემა მუდმივი მდებარეობა (დაცვის ადგილი) ამჟამინდელი ადგილსამყოფელი თაროზე განთავსების ადგილი შეძენის თარიღი ღირებულება, შესყიდვის ნორმალური ფასი სრული შენახვის შიფრი შტრიხკოდი ბოლო ოპერაციის თარიღი ეგზემპლარის მიმდევრობითი ნომერი (კეტერი?) ფასის ძალაში შესვლის თარიღი ეგზემპლარის სახეობა საჯარო შენიშვნა
          ბათუმის შოთა რუსთაველის სახელმწიფო უნივერსიტეტის მთავარი ბიბლიოთეკა ბათუმის შოთა რუსთაველის სახელმწიფო უნივერსიტეტის მთავარი ბიბლიოთეკა წიგნსაცავი 2018-12-17 6.00 008(479.223) კ–71 5324 2018-12-17 5324 2018-12-17 წიგნი 6 ლ.